[Event "Asia-ch Amateur"]
[Site "Muscat"]
[Date "2022.10.01"]
[Round "4"]
[White "Alharthi, Ahmed Mohammed A"]
[Black "Sinan, Shafeek"]
[Result "1-0"]
[WhiteElo "1950"]
[BlackElo "1099"]
[PlyCount "55"]
[EventDate "2022.09.29"]
[EventType "swiss"]
[EventRounds "9"]
[EventCountry "OMN"]
[SourceTitle "CBM 210 Extra"]
[Source "ChessBase"]
[SourceDate "2022.11.30"]
[SourceVersion "1"]
[SourceVersionDate "2022.11.30"]
[SourceQuality "1"]

1. d4 Nf6 2. Bf4 e6 3. e3 d5 4. Nd2 Bd6 5. Bg3 0-0 6. Ngf3 Re8 7. Bd3 Nbd7 8. Ne5 c5 9. Nxf7 Kxf7 10. Bxd6 cxd4 11. exd4 e5 12. 0-0 e4 13. Be2 Qb6 14. Ba3 Qxd4 15. Nc4 Qxd1 16. Nd6+ Kg6 17. Raxd1 Re6 18. f4 exf3 19. Bxf3 Nb6 20. Rd4 Rb8 21. Nxc8 Rxc8 22. Bg4 Nxg4 23. Rxg4+ Kh6 24. Bf8 Rc7 25. Rf3 Re5 26. Bd6 Rce7 27. Bxe7 Kh5 28. Bf8 1-0

[Event "Asia-ch Amateur"]
[Site "Muscat"]
[Date "2022.09.29"]
[Round "1"]
[White "Sinan, Shafeek"]
[Black "Krishanu, Sai"]
[Result "0-1"]
[WhiteElo "1099"]
[BlackElo "1748"]
[PlyCount "102"]
[EventDate "2022.09.29"]
[EventType "swiss"]
[EventRounds "9"]
[EventCountry "OMN"]
[SourceTitle "CBM 210 Extra"]
[Source "ChessBase"]
[SourceDate "2022.11.30"]
[SourceVersion "1"]
[SourceVersionDate "2022.11.30"]
[SourceQuality "1"]

1. e4 c5 2. Nf3 d6 3. d4 cxd4 4. Nxd4 Nf6 5. Nc3 a6 6. f3 e5 7. Nb3 Be6 8. Be3 Nc6 9. Qd2 Nb8 10. Nd5 Bxd5 11. exd5 Nbd7 12. 0-0-0 h5 13. Kb1 Be7 14. Be2 Rc8 15. Rhe1 Nb6 16. Bxb6 Qxb6 17. f4 Nd7 18. Bf3 g6 19. g3 Kf8 20. Bg2 Bf6 21. Bh3 Qc7 22. Bxd7 Qxd7 23. fxe5 Bxe5 24. Qb4 Kg7 25. Na5 Rc7 26. Nc4 Qf5 27. Ne3 Qh3 28. Qd2 Rhc8 29. Re2 Qd7 30. Qb4 Rc5 31. a4 a5 32. Qa3 b5 33. axb5 Rxb5 34. b3 a4 35. Qxa4 Qb7 36. c4 Rxb3+ 37. Kc2 Rb2+ 38. Kd3 Ra8 39. Rxb2 Bxb2 40. Qc2 Ra3+ 41. Ke2 Bf6 42. Rd3 Ra5 43. Rb3 Qa7 44. Qd3 Ra2+ 45. Kf3 Rxh2 46. Ra3 Qe7 47. Rb3 Be5 48. Nf1 Qf6+ 49. Ke4 Qf5+ 50. Ke3 Qf2+ 51. Ke4 f5# 0-1